00331nam a2200121Ia 4500008004100000020002200041082001900063100001700082245005500099260003200154300000800186650001500194231019s9999 xx 000 0 und d a978-0-85732-655-3 a657.076bLYN-A aFoulks Lynch 0aACCA Paper F1 Accountant in Business Complete Text aUKbKaplan Publishingc2012 a668 aAccounting